| 000 | 00923cab a2200265 4500 | ||
|---|---|---|---|
| 001 | WB3216-36 | ||
| 008 | 090401t1996 xxu||||| |||| 00| 0 eng d | ||
| 035 | _a(Sirsi) u74011 | ||
| 041 | _aeng | ||
| 245 | _aPainting of listed buildings | ||
| 260 | _c1996 | ||
| 350 | _a0 | ||
| 490 |
_aTimes _v23 April 1996, 3 |
||
| 490 |
_aPlanning (for the Natural and Built Environment) _v4(17) 25 April 1996, 1 |
||
| 490 |
_aDaily Telegraph _v27 April 1996, 7(3) |
||
| 520 | _aThe owner of a listed house has won his appeal to paint the exterior walls lilac. Planning officers had ordered him to repaint the house in magnolia in keeping with other houses in the neighbourhood. | ||
| 650 | _aAESTHETIC CONTROL | ||
| 650 | _aCONSERVATION AREAS | ||
| 650 | _aEXTERNAL DECORATION | ||
| 650 | _aHISTORIC BUILDINGS | ||
| 650 | _aLISTED BUILDINGS | ||
| 690 | _aPLANNING LAW AND PRACTICE | ||
| 942 | _n0 | ||
| 948 | _c04/03/1997 | ||
| 999 |
_c46715 _d46715 |
||